000 00207nam a2200097Ia 4500
008 190216s9999||||xx |||||||||||||| ||und||
100 _aAbdul Falah
245 0 _aAl Qiraathurrasheeda
260 _bNull
942 _cBK
999 _c40
_d40